All Pixar Movies by IMDb Description - Statistics

General Stats
  • This quiz has been taken 443 times
    120 since last reset
  • The average score is 26 of 29
Answer Stats
Year Description Movie % Correct
2003 After his son is captured in the Great Barrier Reef and taken to Sydney, a timid clownfish sets out on a journey to bring him home. Finding Nemo
99%
2007 A rat who can cook makes an unusual alliance with a young kitchen worker at a famous Paris restaurant. Ratatouille
98%
1995 A cowboy doll is profoundly jealous when a new spaceman action figure supplants him as the top toy in a boy's bedroom. When circumstances separate them from their owner, the duo have to put aside their differences to return to him. Toy Story
98%
1999 When Woody is stolen by a toy collector, Buzz and his friends set out on a rescue mission to save Woody before he becomes a museum toy property with his roundup gang Jessie, Prospector, and Bullseye. Toy Story 2
98%
2010 The toys are mistakenly delivered to a day-care center instead of the attic right before Andy leaves for college, and it's up to Woody to convince the other toys that they weren't abandoned and to return home. Toy Story 3
98%
2009 78-year-old Carl Fredricksen travels to South America in his house equipped with balloons, inadvertently taking a young stowaway. Up
98%
2017 Aspiring musician Miguel, confronted with his family's ancestral ban on music, enters the Land of the Dead to find his great-great-grandfather, a legendary singer. Coco
97%
2015 After young Riley is uprooted from her Midwest life and moved to San Francisco, her emotions, Joy, Fear, Anger, Disgust, and Sadness, conflict on how best to navigate a new city, house, and school. Inside Out
97%
2001 In order to power the city, monsters have to scare children so that they scream. However, the children are toxic to the monsters, and after a child gets through, two monsters realize things may not be what they think. Monsters, Inc.
97%
2008 A robot who is responsible for cleaning a waste-covered Earth meets another robot and falls in love with her. Together, they set out on a journey that will alter the fate of mankind. WALL-E
97%
2006 On the way to the biggest race of his life, a hotshot rookie race car gets stranded in a rundown town and learns that winning isn't everything in life. Cars
96%
2019 When a new toy called "Forky" joins Woody and the gang, a road trip alongside old and new friends reveals how big the world can be for a toy. Toy Story 4
96%
2004 While trying to lead a quiet suburban life, a family of undercover superheroes are forced into action to save the world. The Incredibles
95%
2024 A sequel that features Riley entering puberty and experiencing brand new, more complex emotions as a result. As Riley tries to adapt to her teenage years, her old emotions try to adapt to the possibility of being replaced. Inside Out 2
93%
2011 Star race car Lightning McQueen and his pal Mater head overseas to compete in the World Grand Prix race. But the road to the championship becomes rocky as Mater gets caught up in an intriguing adventure of his own: international espionage. Cars 2
91%
1998 A misfit ant, looking for "warriors" to save his colony from greedy grasshoppers, recruits a group of bugs that turn out to be an inept circus troupe. A Bug's Life
90%
2017 Lightning McQueen sets out to prove to a new generation of racers that he's still the best race car in the world. Cars 3
90%
2013 A look at the relationship between Mike Wazowski and James P. "Sully" Sullivan during their days at -------- ----------, when they weren't necessarily the best of friends. Monsters University
90%
2012 Determined to make her own path in life, Princess Merida defies a custom that brings chaos to her kingdom. Granted one wish, Merida must rely on her bravery and her archery skills to undo a beastly curse. Brave
89%
2020 Joe is a middle-school band teacher whose life hasn't quite gone the way he expected. His true passion is jazz. But when he travels to another realm to help someone find their passion, he soon discovers what it means to have ----. Soul
89%
2018 The ----------- family takes on a new mission which involves a change in family roles: Bob Parr (Mr. ----------) must manage the house while his wife Helen (Elastigirl) goes out to save the world. Incredibles 2
88%
2016 Friendly but forgetful blue tang ---- begins a search for her long-lost parents and everyone learns a few things about the real meaning of family along the way. Finding Dory
86%
2021 On the Italian Riviera, an unlikely but strong friendship grows between a human being and a sea monster disguised as a human. Luca
81%
2022 While spending years attempting to return home, marooned Space Ranger Buzz ---------encounters an army of ruthless robots commanded by Zurg who are attempting to steal the fuel source of his ship. Lightyear
80%
2023 Follows Ember and Wade, in a city where fire-, water-, earth- and air-residents live together. Elemental
79%
2015 In a world where dinosaurs and humans live side-by-side, an Apatosaurus named Arlo makes an unlikely human friend. The Good Dinosaur
77%
2022 A thirteen-year-old girl named Mei Lee is torn between staying her mother's dutiful daughter and the changes of adolescence. And as if the challenges were not enough, whenever she gets overly excited Mei transforms into a giant red panda. Turning Red
74%
2020 Teenage elf brothers Ian and Barley embark on a magical quest to spend one more day with their late father. Like any good adventure, their journey is filled with cryptic maps, impossible obstacles and unimaginable discoveries. Onward
66%
2025 ----, a space fanatic with an active imagination, finds himself on a cosmic misadventure where he must form new bonds with alien lifeforms, navigate a crisis of intergalactic proportions and somehow discover who he is truly meant to be. Elio
50%
No matching quizzes found
Score Distribution
Percent of People with Each Score
Percentile by Number Answered
Your Score History
You have not taken this quiz since the last reset